| 000 | 05942cam a22018014i 4500 | ||
|---|---|---|---|
| 003 | PE-LiUPU | ||
| 005 | 20250813165603.0 | ||
| 008 | 150623s r 000 0 d | ||
| 020 | _a8445808079 | ||
| 035 | _a(Sirsi) i9788445808078 | ||
| 040 |
_aPE-LiUPU _bspa _cPE-LiUPU _erda |
||
| 049 | _aPRUA | ||
| 082 | 0 | 4 |
_a611 _221 _bR869a |
| 100 | 1 |
_aRouvière, Henri, 1876-1952, _eautor. |
|
| 245 | 1 | 0 |
_aAnatomía humana : _bDescriptiva, topográfica y funcional / _cHenri Rouvière, A. Delmas. |
| 250 | _aDécima edición | ||
| 264 | 1 |
_aBarcelona, España : _bMASSON, _c2001. |
|
| 300 |
_a3 tomos : _bilustraciones Gráficos ; _c25 centímetros. |
||
| 336 |
_atext _2rdacontent |
||
| 337 |
_aunmediated _2rdamedia |
||
| 338 |
_avolume _2rdacarrier |
||
| 505 | 0 | _aTomo 1 : CABEZA Y CUELLO -- Consideraciones generales sobre la anatomía del hombre. -Anatomía descriptiva y funcional de la cabeza y del cuello. -Esqueleto de la cabeza. -Esqueleto del cuello. -Articulaciones de la cabeza y del cuello. -Músculos de la cabeza. -Músculos del cuello. -Vasos de la cabeza y del cuello. -Nervios de la cabeza y del cuello. -Órganos de los sentidos. -Estructuras anatómicas de los aparatos digestivo y respiratorio contenidas en la cabeza y el cuello. -Anatomía topográfica de la cabeza y del cuello: Cráneo. -Cara. -Cuello. | |
| 505 | 0 | _aTomo 2 : TRONCO -- Aspecto general, división y topografía del tronco -- Esqueleto del tronco -- Esqueleto del tórax -- Esqueleto de la pelvis -- Articulaciones del tronco -- Músculos del tronco -- Corazón y vasos del tronco -- Nervios del tronco -- Vísceras del tronco -- Anatomía topográfica del tórax -- Abdomen -- Región lumbar y pelvis menor. | |
| 505 | 0 | _aTomo 3 : MIEMBROS. SISTEMA NERVIOSO CENTRAL -- Esqueleto del miembro superior -- Articulaciones del miembro superior -- Músculos del miembro superior -- Vasos del miembro superior -- Nervios del miembro superior -- Hombro -- Brazo -- Codo -- Muñeca -- Mano -- Anatomía funcional de la cintura escapular -- Movimientos de la unión escapulotorácica -- Movimientos propios de la escápula -- Movimientos del brazo -- Movimientos del antebrazo -- Movimientos de la mano -- Territorios de inervación funcional del miembro superior -- Esqueleto del miembro inferior -- Articulaciones del miembro inferior -- Músculos del miembro inferior -- Vasos del miembro inferior -- Nervios del miembro inferior -- Cadera Muslo -- Rodilla -- Pierna -- Tobillo -- Pie -- Anatomía funcional de la cintura del miembro inferior -- Anatomía funcional de la cadera y del muslo -- Anatomía funcional -- Anatomía funcional de la rodilla y movimiento de la pierna -- Articulación del tobillo o talocrulal -- Movimientos del pie -- Territorios de inervación funcional del miembro inferior -- Territorios periféricos correspondientes a las diferentes raíces espinales -- Sistema nerviosos central -- Sistema nervioso autónomo -- Meninges y vasos del sistema nervioso central. | |
| 526 | _aP203 | ||
| 526 | _aP200 | ||
| 526 | _aSEG65 | ||
| 526 | _aSEG64 | ||
| 526 | _aSEG63 | ||
| 526 | _aSEG62 | ||
| 526 | _aSEG61 | ||
| 526 | _aSEG60 | ||
| 526 | _aSEG59 | ||
| 526 | _aSEG58 | ||
| 526 | _aSEG57 | ||
| 526 | _aSEG56 | ||
| 526 | _aSEG55 | ||
| 526 | _aSEG54 | ||
| 526 | _aSEG53 | ||
| 526 | _aSEG52 | ||
| 526 | _aSEG51 | ||
| 526 | _aSEG50 | ||
| 526 | _aSEG49 | ||
| 526 | _aSEG48 | ||
| 526 | _aSEG47 | ||
| 526 | _aSEG46 | ||
| 526 | _aSEG24 | ||
| 526 | _aSEG23 | ||
| 526 | _aSEG22 | ||
| 526 | _aSEG21 | ||
| 526 | _aSEG20 | ||
| 526 | _aSEG19 | ||
| 526 | _aSEG18 | ||
| 526 | _aSEG17 | ||
| 526 | _aSEG16 | ||
| 526 | _aSEG14 | ||
| 526 | _aSEG13 | ||
| 526 | _aSEG12 | ||
| 526 | _aSEG11 | ||
| 526 | _aSEG10 | ||
| 526 | _aSEG09 | ||
| 526 | _aSEG06 | ||
| 526 | _aSEG05 | ||
| 526 | _aSEG04 | ||
| 526 | _aSEG03 | ||
| 526 | _aSEG02 | ||
| 526 | _aSEG68 | ||
| 526 | _aSEG66 | ||
| 526 | _aSEG45 | ||
| 526 | _aSEG25 | ||
| 526 | _aSEG01 | ||
| 526 | _aP163 | ||
| 526 | _aP162 | ||
| 526 | _aP161 | ||
| 526 | _aP160 | ||
| 526 | _aP159 | ||
| 526 | _aP158 | ||
| 526 | _aP157 | ||
| 526 | _aP156 | ||
| 526 | _aP155 | ||
| 526 | _aP154 | ||
| 526 | _aP153 | ||
| 526 | _aP152 | ||
| 526 | _aP151 | ||
| 526 | _aP150 | ||
| 526 | _aP149 | ||
| 526 | _aP142 | ||
| 526 | _aP141 | ||
| 526 | _aP140 | ||
| 526 | _aP139 | ||
| 526 | _aP138 | ||
| 526 | _aP137 | ||
| 526 | _aP132 | ||
| 526 | _aP131 | ||
| 526 | _aP130 | ||
| 526 | _aP126 | ||
| 526 | _aP125 | ||
| 526 | _aP124 | ||
| 526 | _aP123 | ||
| 526 | _aP115 | ||
| 526 | _aP122 | ||
| 526 | _aP121 | ||
| 526 | _aP116 | ||
| 526 | _a P114 | ||
| 526 | _aP112 | ||
| 526 | _aP111 | ||
| 526 | _aP104 | ||
| 526 | _aP103 | ||
| 526 | _aP102 | ||
| 526 | _aP101 | ||
| 526 | _aP100 | ||
| 526 | _aP96 | ||
| 526 | _aP95 | ||
| 526 | _aP93 | ||
| 526 | _aP92 | ||
| 526 | _aP91 | ||
| 526 | _aP88 | ||
| 526 | _aP83 | ||
| 526 | _aP82 | ||
| 526 | _aP79 | ||
| 526 | _aP78 | ||
| 526 | _aP75 | ||
| 526 | _aP74 | ||
| 526 | _aP71 | ||
| 526 | _aP69 | ||
| 526 | _a P51 | ||
| 526 | _aP49 | ||
| 526 | _aP48 | ||
| 526 | _aP47 | ||
| 526 | _aP33 | ||
| 526 | _aP31 | ||
| 526 | _a P30 | ||
| 526 | _aP29 | ||
| 526 | _aP27 | ||
| 526 | _aP26 | ||
| 526 | _aP25 | ||
| 526 | _aP24 | ||
| 526 | _a P22 | ||
| 526 | _aP10 | ||
| 526 | _aP09 | ||
| 526 | _a P08 | ||
| 526 | _aP06 | ||
| 526 | _aP05 | ||
| 526 | _aP04 | ||
| 526 | _aP01 | ||
| 650 | 1 | 4 |
_aAnatomía humana. _9670 |
| 650 | 2 | 4 |
_aAnatomía topográfica. _94290 |
| 700 |
_aDelmas, A., _eautor. _93848 |
||
| 942 |
_2ddc _cBK |
||
| 949 |
_a611 R86 1 _wDEWEY _c1 _i52117 _d2016-11-16 _e2016-11-13 _lCCODEBUL1 _mBUL _n12 _r0 _sY _tBOOK _u2015-6-24 _xSALUD _zUNKNOWN _0COMPRA _o.STAFF. Colección General |
||
| 980 |
_81 _gALBERTO SANCHEZ Responsable de Automatización |
||
| 999 |
_c33921 _d33921 |
||